[Event "LEM Nachwuchs M-V u14m 08.-11.07.2021"]
[Site "MaJuWi Greifswald/Wieck"]
[Date "2021.07.08"]
[Round "1.3"]
[White "Hampe, Florian"]
[Black "Müller, Mitja"]
[Result "0-1"]
[WhiteElo "1167"]
[BlackElo "1341"]
[PlyCount "68"]
[EventDate "2021.??.??"]
[WhiteTeam "Lok Gymnas Pritzwalk"]
[BlackTeam "TuS Makkabi Rostock"]

1. d4 d5 2. c4 e6 3. Nc3 Nf6 4. Bf4 b6 5. Nf3 Bb7 6. e3 Be7 7. Bd3 O-O 8. O-O
Nbd7 9. cxd5 Nxd5 10. Nxd5 Bxd5 11. a3 c5 12. Ne5 Nxe5 13. Bxe5 c4 14. Bc2 Bd6
15. Bxd6 Qxd6 16. Qe2 Qc6 17. e4 Rac8 18. exd5 exd5 19. Qh5 g6 20. Qh3 Rfe8 21.
a4 Re2 22. Rfc1 Rce8 23. a5 b5 24. g3 Rd2 25. Qh4 Ree2 26. Bd1 Re1+ 27. Kg2
Rxb2 28. Qf4 Re4 29. Qb8+ Kg7 30. Qxa7 Qf6 31. Bf3 Re3 32. Qb6 Qxf3+ 33. Kh3
Qf5+ 34. Kg2 Qxf2+ 0-1

[Event "LEM Nachwuchs M-V u14m 08.-11.07.2021"]
[Site "MaJuWi Greifswald/Wieck"]
[Date "2021.07.08"]
[Round "1.4"]
[White "Wiechhusen, Laurin-Elias"]
[Black "Asmussen, Johann"]
[Result "1-0"]
[WhiteElo "1443"]
[BlackElo "1195"]
[PlyCount "107"]
[EventDate "2021.??.??"]
[WhiteTeam "SF Schwerin"]
[BlackTeam "SG Jasmund"]

1. Nf3 Nf6 2. g3 b6 3. Bg2 d5 4. d4 Bb7 5. Bf4 Nc6 6. O-O e6 7. Nbd2 Bd6 8. Be3
Ne4 9. Nxe4 dxe4 10. Ng5 Ne7 11. Nxe4 O-O 12. Nxd6 Bxg2 13. Nxf7 Qd5 14. c4 Qe4
15. Ng5 Qc6 16. Re1 Be4 17. Nxe4 Qxe4 18. Qd3 Qg4 19. Rf1 Rad8 20. f3 Qf5 21.
Qxf5 Nxf5 22. Bf4 Rxd4 23. Bxc7 Rxc4 24. Rac1 Rxc1 25. Rxc1 Rc8 26. Bf4 Rxc1+
27. Bxc1 g6 28. Kf2 Kf7 29. g4 Nd4 30. Ke3 Nc2+ 31. Ke4 Kf6 32. g5+ Ke7 33. Ke5
Nb4 34. a4 Nc6+ 35. Ke4 Kd6 36. Be3 Nb4 37. Bf4+ Kd7 38. Ke5 Nc6+ 39. Kf6 Ke8
40. Kg7 Ne7 41. Kxh7 Kf7 42. e4 Nc6 43. Be3 Ne5 44. f4 Ng4 45. Bg1 e5 46. h3
exf4 47. hxg4 a6 48. Bxb6 f3 49. e5 a5 50. e6+ Kxe6 51. Kxg6 Ke7 52. Kh7 Kf7
53. g6+ Kf8 54. g7+ 1-0

[Event "LEM Nachwuchs M-V u14m 08.-11.07.2021"]
[Site "MaJuWi Greifswald/Wieck"]
[Date "2021.07.08"]
[Round "1.5"]
[White "Große-Thie, Paul"]
[Black "Janssen, Joris Frederik"]
[Result "1/2-1/2"]
[WhiteElo "1195"]
[BlackElo "1440"]
[PlyCount "57"]
[EventDate "2021.??.??"]
[WhiteTeam "SSC Rostock 07"]
[BlackTeam "TuS Makkabi Rostock"]

1. d4 Nf6 2. Bf4 d6 3. Nf3 g6 4. h3 Bg7 5. e3 Nbd7 6. Bh2 b6 7. Nbd2 Bb7 8. Rc1
c5 9. c3 Rc8 10. Be2 O-O 11. O-O Re8 12. a3 e5 13. b4 exd4 14. cxd4 cxd4 15.
Nxd4 Ne5 16. Nc4 Nxc4 17. Bxc4 d5 18. Bb5 Re7 19. Rxc8 Qxc8 20. Qa4 Ne4 21.
Qxa7 Bxd4 22. exd4 Nd2 23. Rd1 Qc2 24. Qb8+ Kg7 25. Be5+ f6 26. Bxf6+ Kxf6 27.
Qf4+ Kg7 28. Qxd2 Qe4 29. f3 1/2-1/2

[Event "LEM Nachwuchs M-V u14m 08.-11.07.2021"]
[Site "MaJuWi Greifswald/Wieck"]
[Date "2021.07.08"]
[Round "1.6"]
[White "Maeno, Yosuke"]
[Black "Thormählen, Tjark"]
[Result "1-0"]
[WhiteElo "1387"]
[BlackElo "1033"]
[PlyCount "31"]
[EventDate "2021.??.??"]
[WhiteTeam "SF Schwerin"]
[BlackTeam "SG Güstrow/Teterow"]

1. Nf3 d5 2. c4 Nf6 3. g3 Bf5 4. Bg2 e6 5. O-O Bd6 6. d4 b6 7. Nbd2 c5 8. dxc5
bxc5 9. cxd5 exd5 10. Nh4 Be4 11. Nxe4 Nxe4 12. Bxe4 dxe4 13. Qa4+ Qd7 14.
Qxe4+ Be7 15. Qxa8 O-O 16. Qe4 1-0

[Event "LEM Nachwuchs M-V u14m 08.-11.07.2021"]
[Site "MaJuWi Greifswald/Wieck"]
[Date "2021.07.08"]
[Round "1.7"]
[White "Herrmann, Niklas"]
[Black "Karff, Tom"]
[Result "1/2-1/2"]
[WhiteElo "1034"]
[BlackElo "1363"]
[PlyCount "47"]
[EventDate "2021.??.??"]
[WhiteTeam "TuS Makkabi Rostock"]
[BlackTeam "SG Güstrow/Teterow"]

1. d4 d5 2. c4 e6 3. Nf3 Nf6 4. Bf4 Nbd7 5. c5 g6 6. Nc3 c6 7. e3 Bg7 8. Bd3
O-O 9. O-O b6 10. Bd6 Re8 11. Qa4 Bb7 12. Qb4 a5 13. Qb3 Ba6 14. Bxa6 Rxa6 15.
Rac1 Ra7 16. Na4 Rb7 17. Ne5 b5 18. Nxc6 Qc8 19. Nxa5 Ra7 20. Nb6 Qa6 21. Nc6
Rb7 22. Nb4 Qa7 23. Nc6 Qa6 24. Nb4 1/2-1/2

[Event "LEM Nachwuchs M-V u14m 08.-11.07.2021"]
[Site "MaJuWi Greifswald/Wieck"]
[Date "2021.07.08"]
[Round "1.8"]
[White "Lange, Oskar"]
[Black "Walz, Fabian"]
[Result "0-1"]
[WhiteElo "1214"]
[BlackElo "1029"]
[PlyCount "62"]
[EventDate "2021.??.??"]
[WhiteTeam "TSG Neustrelitz"]
[BlackTeam "Doberaner SV 90"]

1. c4 Nf6 2. Nc3 g6 3. g3 Bg7 4. Bg2 O-O 5. e4 d6 6. Nf3 Bg4 7. O-O e5 8. d3
Nc6 9. Be3 Re8 10. a3 a5 11. Rb1 Qd7 12. Nd5 Nxd5 13. exd5 Ne7 14. Qd2 Nf5 15.
b4 Nxe3 16. Qxe3 axb4 17. axb4 Bh3 18. Qd2 Bxg2 19. Kxg2 e4 20. dxe4 Rxe4 21.
c5 Rae8 22. Rfe1 f5 23. Rxe4 Rxe4 24. Ng5 Bh6 25. f3 Bxg5 26. Qxg5 Re2+ 27. Kg1
dxc5 28. bxc5 Qxd5 29. Qf4 Qxc5+ 30. Kh1 Qc2 31. Qd4 Rxh2+ 0-1

[Event "LEM Nachwuchs M-V u14m 08.-11.07.2021"]
[Site "MaJuWi Greifswald/Wieck"]
[Date "2021.07.08"]
[Round "1.9"]
[White "Rohde, Niklas"]
[Black "Bieschke, Tom"]
[Result "0-1"]
[WhiteElo "800"]
[BlackElo "1268"]
[PlyCount "120"]
[EventDate "2021.??.??"]
[WhiteTeam "Lok Gymnas Pritzwalk"]
[BlackTeam "SG Eintracht Neubrandenburg"]

1. e4 d6 2. Nc3 Nf6 3. Bc4 g6 4. Nge2 Bg7 5. h3 Nbd7 6. d3 c5 7. O-O a6 8. Be3
O-O 9. Qd2 b5 10. Bb3 Bb7 11. a3 Qc7 12. Bf4 Nb6 13. Qe3 Rac8 14. e5 Qc6 15. f3
Nbd5 16. Nxd5 Nxd5 17. Bxd5 Qxd5 18. Nc3 Qc6 19. Bh6 d5 20. Qg5 f6 21. exf6
exf6 22. Qh4 g5 23. Qh5 Qe8 24. Qxe8 Rcxe8 25. Bxg7 Kxg7 26. Rfe1 Kg6 27. Rf1
f5 28. b4 cxb4 29. axb4 d4 30. Ne2 Rxe2 31. Rfe1 Ree8 32. Rec1 Kf6 33. c4 dxc3
34. Rxc3 Rc8 35. Rxc8 Rxc8 36. Kh2 Rc3 37. g4 f4 38. Rd1 Rc2+ 39. Kg1 Bxf3 40.
Rf1 Rg2+ 41. Kh1 Rf2+ 42. Kg1 Rxf1+ 43. Kxf1 Ke5 44. Kf2 Bd5 45. Ke2 Kd4 46.
Kd2 h6 47. Ke2 Kc3 48. h4 gxh4 49. Kf2 Kxd3 50. Ke1 Ke3 51. Kf1 Kf3 52. g5 hxg5
53. Kg1 Bg8 54. Kh1 g4 55. Kg1 h3 56. Kh2 g3+ 57. Kh1 g2+ 58. Kg1 h2+ 59. Kxh2
Kf2 60. Kh3 g1=Q 0-1

[Event "LEM Nachwuchs M-V u14m 08.-11.07.2021"]
[Site "MaJuWi Greifswald/Wieck"]
[Date "2021.07.09"]
[Round "2.1"]
[White "Lippitz, Jaden"]
[Black "Bieschke, Tom"]
[Result "1/2-1/2"]
[WhiteElo "1563"]
[BlackElo "1268"]
[PlyCount "76"]
[EventDate "2021.??.??"]
[WhiteTeam "SG Güstrow/Teterow"]
[BlackTeam "SG Eintracht Neubrandenburg"]

1. e4 d6 2. d4 Nf6 3. Nc3 g6 4. Be3 Bg7 5. Be2 O-O 6. Qd2 Nbd7 7. g4 c5 8. g5
Ne8 9. dxc5 Qa5 10. cxd6 Nxd6 11. Nd5 Qxd2+ 12. Bxd2 e6 13. Bb4 exd5 14. Bxd6
Re8 15. exd5 Bxb2 16. Rb1 Bc3+ 17. Kf1 Nb6 18. Bf3 Nc4 19. Bf4 Bd2 20. Bg3 Bxg5
21. Rb4 Ne5 22. Re4 f6 23. Bxe5 Rxe5 24. Rxe5 fxe5 25. d6 Be6 26. Bxb7 Rd8 27.
Nf3 Bf6 28. Kg2 Rxd6 29. Re1 Bd5 30. Bxd5+ Rxd5 31. Rb1 Rd7 32. c4 Kf7 33. Re1
Ke6 34. h4 h5 35. Ng5+ Kf5 36. Kg3 Bxg5 37. hxg5 Rd3+ 38. f3 Rc3 1/2-1/2

[Event "LEM Nachwuchs M-V u14m 08.-11.07.2021"]
[Site "MaJuWi Greifswald/Wieck"]
[Date "2021.07.09"]
[Round "2.2"]
[White "Müller, Mitja"]
[Black "Willam, Max Bastian"]
[Result "1/2-1/2"]
[WhiteElo "1341"]
[BlackElo "1164"]
[PlyCount "90"]
[EventDate "2021.??.??"]
[WhiteTeam "TuS Makkabi Rostock"]
[BlackTeam "SSC Rostock 07"]

1. d4 d5 2. c4 e6 3. Nc3 Nf6 4. Nf3 c5 5. Bf4 Nc6 6. e3 cxd4 7. Nxd4 Bb4 8. Qa4
Bxc3+ 9. bxc3 Bd7 10. Nb5 O-O 11. Bd6 Re8 12. Nc7 Nd4 13. Qd1 Nf5 14. c5 Nxd6
15. cxd6 Rc8 16. Nxe8 Nxe8 17. Rc1 Nxd6 18. Bd3 Qa5 19. Qc2 Ne4 20. Bxe4 dxe4
21. O-O Qg5 22. Rfd1 Bb5 23. Qxe4 Bc6 24. h4 Qf6 25. Qd4 e5 26. Qg4 Re8 27. Qg5
Qe6 28. Rd2 h6 29. Qg3 Kh7 30. Rcd1 Ba4 31. Rd6 Qxa2 32. R1d5 Qa1+ 33. Kh2 Qxc3
34. Qg4 Bc6 35. Qf5+ Kg8 36. Rd8 Kf8 37. Rxe8+ Kxe8 38. Qc8+ Ke7 39. Qd8+ Ke6
40. Qd6+ Kf5 41. Rc5 Qb2 42. Qd3+ Kf6 43. Qd6+ Kf5 44. Kh3 f6 45. g4+ Kg6
1/2-1/2

[Event "LEM Nachwuchs M-V u14m 08.-11.07.2021"]
[Site "MaJuWi Greifswald/Wieck"]
[Date "2021.07.09"]
[Round "2.3"]
[White "Schulz, Bruno Andreas"]
[Black "Wiechhusen, Laurin-Elias"]
[Result "1-0"]
[WhiteElo "1171"]
[BlackElo "1443"]
[PlyCount "65"]
[EventDate "2021.??.??"]
[WhiteTeam "TuS Makkabi Rostock"]
[BlackTeam "SF Schwerin"]

1. d4 d5 2. c4 e6 3. Nc3 Nf6 4. Bf4 c5 5. e3 Nbd7 6. Nf3 Qb6 7. a3 Bd6 8. dxc5
Qxc5 9. b4 Qc6 10. Nd4 Qb6 11. c5 Nxc5 12. Bxd6 Qxd6 13. Ndb5 Qb6 14. bxc5 Qxc5
15. Rc1 O-O 16. Ne4 Qe7 17. Nxf6+ Qxf6 18. Qd4 Qd8 19. Bd3 a6 20. Nc3 Qd6 21.
Qb4 Qxb4 22. axb4 Rd8 23. Rd1 d4 24. exd4 Rxd4 25. Bxh7+ Kxh7 26. Rxd4 e5 27.
Rd8 b6 28. f3 Bb7 29. Rxa8 Bxa8 30. O-O Kg6 31. Ra1 Bb7 32. Na4 b5 33. Nc5 1-0

[Event "LEM Nachwuchs M-V u14m 08.-11.07.2021"]
[Site "MaJuWi Greifswald/Wieck"]
[Date "2021.07.09"]
[Round "2.4"]
[White "Walz, Fabian"]
[Black "Maeno, Yosuke"]
[Result "1/2-1/2"]
[WhiteElo "1029"]
[BlackElo "1387"]
[PlyCount "64"]
[EventDate "2021.??.??"]
[WhiteTeam "Doberaner SV 90"]
[BlackTeam "SF Schwerin"]

1. e4 e5 2. Nf3 Nc6 3. d4 exd4 4. Nxd4 d5 5. Nxc6 bxc6 6. exd5 Qxd5 7. Qxd5
cxd5 8. Bb5+ Bd7 9. Bxd7+ Kxd7 10. b3 Re8+ 11. Kd2 Nf6 12. f3 Bc5 13. Bb2 Re6
14. Na3 Rhe8 15. Rae1 Be3+ 16. Kd1 g5 17. Bxf6 Rxf6 18. Re2 Rfe6 19. Rhe1 Bc5
20. Rxe6 Rxe6 21. Rxe6 fxe6 22. Nb1 Bb6 23. Ke2 Kd6 24. Kd3 e5 25. Nd2 h5 26.
c4 c6 27. h3 a5 28. a4 Ke6 29. g4 hxg4 30. hxg4 d4 31. Ne4 Bd8 32. Nc5+ Kf6
1/2-1/2

[Event "LEM Nachwuchs M-V u14m 08.-11.07.2021"]
[Site "MaJuWi Greifswald/Wieck"]
[Date "2021.07.09"]
[Round "2.5"]
[White "Janssen, Joris Frederik"]
[Black "Herrmann, Niklas"]
[Result "1-0"]
[WhiteElo "1440"]
[BlackElo "1034"]
[PlyCount "59"]
[EventDate "2021.??.??"]
[WhiteTeam "TuS Makkabi Rostock"]
[BlackTeam "TuS Makkabi Rostock"]

1. d4 d5 2. Bf4 Bf5 3. Nf3 Nc6 4. a3 Nf6 5. e3 a6 6. Bd3 e6 7. O-O Qd7 8. Nbd2
Be7 9. Rc1 O-O 10. Nh4 Ne4 11. Nxf5 exf5 12. c4 Rab8 13. cxd5 Qxd5 14. Bxc7
Rbc8 15. Bc4 Qd7 16. Bf4 b5 17. Ba2 Rfe8 18. Nxe4 fxe4 19. Qh5 Rf8 20. Qd5 Qe8
21. Qxe4 Qd7 22. Qd5 Qe8 23. g3 Bd8 24. Bd6 Be7 25. Bxe7 Qxe7 26. Rxc6 Rxc6 27.
Qxc6 Rd8 28. Rc1 h6 29. Qc5 Qxc5 30. Rxc5 1-0

[Event "LEM Nachwuchs M-V u14m 08.-11.07.2021"]
[Site "MaJuWi Greifswald/Wieck"]
[Date "2021.07.09"]
[Round "2.6"]
[White "Karff, Tom"]
[Black "Große-Thie, Paul"]
[Result "1-0"]
[WhiteElo "1363"]
[BlackElo "1195"]
[PlyCount "49"]
[EventDate "2021.??.??"]
[WhiteTeam "SG Güstrow/Teterow"]
[BlackTeam "SSC Rostock 07"]

1. e4 g6 2. d4 Bg7 3. Nf3 d6 4. Be3 Nd7 5. Nc3 e5 6. d5 Ne7 7. Bb5 O-O 8. g4 a6
9. Be2 f5 10. gxf5 gxf5 11. Rg1 f4 12. Bd2 Nf6 13. Ng5 h6 14. Ne6 Bxe6 15. dxe6
Qc8 16. Bg4 h5 17. Bf5 Nxf5 18. exf5 Ng4 19. Rxg4 hxg4 20. Qxg4 c6 21. O-O-O
Rf6 22. Rg1 Qf8 23. Ne4 Rxf5 24. Nxd6 Qxd6 25. Qxg7# 1-0

[Event "LEM Nachwuchs M-V u14m 08.-11.07.2021"]
[Site "MaJuWi Greifswald/Wieck"]
[Date "2021.07.09"]
[Round "2.7"]
[White "Asmussen, Johann"]
[Black "Schott, Andy"]
[Result "0-1"]
[WhiteElo "1195"]
[BlackElo "1537"]
[PlyCount "44"]
[EventDate "2021.??.??"]
[WhiteTeam "SG Jasmund"]
[BlackTeam "SG Güstrow/Teterow"]

1. e4 c5 2. Nf3 d6 3. Nc3 Nf6 4. Bb5+ Bd7 5. O-O Nc6 6. Bxc6 Bxc6 7. Qe2 Qc7 8.
d4 cxd4 9. Nxd4 g6 10. Nxc6 bxc6 11. Bf4 Nh5 12. Bg3 Bg7 13. Rad1 O-O 14. f4
Nxg3 15. hxg3 Qb6+ 16. Kh1 Qxb2 17. Na4 Qxa2 18. Qa6 Qxc2 19. e5 dxe5 20. fxe5
Bxe5 21. Rc1 Qd2 22. Rxc6 Qh6+ 0-1

[Event "LEM Nachwuchs M-V u14m 08.-11.07.2021"]
[Site "MaJuWi Greifswald/Wieck"]
[Date "2021.07.09"]
[Round "2.8"]
[White "Thormählen, Tjark"]
[Black "Lange, Oskar"]
[Result "0-1"]
[WhiteElo "1033"]
[BlackElo "1214"]
[PlyCount "124"]
[EventDate "2021.??.??"]
[WhiteTeam "SG Güstrow/Teterow"]
[BlackTeam "TSG Neustrelitz"]

1. e4 e6 2. d4 d5 3. exd5 exd5 4. Bd3 Nc6 5. Nf3 Bg4 6. Be3 Bb4+ 7. c3 Bd6 8.
Nbd2 Nf6 9. O-O O-O 10. Re1 Re8 11. Bg5 Be7 12. Qc2 h6 13. Bh4 Qd7 14. Re3 Qd6
15. Rae1 Rad8 16. Bxf6 Qxf6 17. Qb3 b6 18. Qa3 Be6 19. Qa4 Bd7 20. Qa6 Bd6 21.
Bb5 Rxe3 22. Rxe3 Ra8 23. Qa4 Bf4 24. Re2 a5 25. Ne5 Bxe5 26. dxe5 Qe6 27. Nf3
Rd8 28. Nd4 Nxd4 29. cxd4 Bxb5 30. Qxb5 Qf5 31. f3 Qb1+ 32. Kf2 Qxa2 33. Rc2
Rc8 34. Qd7 Rf8 35. Qxc7 Qb3 36. Qc3 Qb5 37. Qc6 Qb3 38. Kg3 a4 39. Qc3 Qxc3
40. Rxc3 Rb8 41. Ra3 b5 42. b3 Ra8 43. b4 Rc8 44. Kf4 Rc4 45. Ke3 Kf8 46. Ra2
Rxb4 47. Kd3 Rc4 48. Rb2 b4 49. Ra2 a3 50. Ra1 Ke7 51. g4 Kd7 52. h4 Kc6 53. f4
Kb5 54. f5 Rc3+ 55. Kd2 Kc4 56. Rb1 Rd3+ 57. Kc2 b3+ 58. Kc1 Kc3 59. e6 b2+ 60.
Rxb2 axb2+ 61. Kb1 Rd1+ 62. Ka2 Ra1# 0-1

[Event "LEM Nachwuchs M-V u14m 08.-11.07.2021"]
[Site "MaJuWi Greifswald/Wieck"]
[Date "2021.07.09"]
[Round "2.9"]
[White "Rohde, Niklas"]
[Black "Krause, Enrico"]
[Result "0-1"]
[WhiteElo "800"]
[BlackElo "1178"]
[PlyCount "84"]
[EventDate "2021.??.??"]
[WhiteTeam "Lok Gymnas Pritzwalk"]
[BlackTeam "Think Rochade - SC HRO"]

1. e4 e5 2. Nf3 Nc6 3. Bc4 Bc5 4. Nc3 Nf6 5. d3 d6 6. O-O Be6 7. Bxe6 fxe6 8.
h3 d5 9. Bg5 O-O 10. Re1 h6 11. Bh4 Qd7 12. Bg3 d4 13. Na4 Bd6 14. c3 b5 15.
cxd4 exd4 16. e5 Bb4 17. Re2 Nd5 18. a3 bxa4 19. axb4 Ndxb4 20. Qxa4 Rab8 21.
Rd2 Qd5 22. Rc1 Rb6 23. Rc4 Rfb8 24. Rd1 Ra6 25. Qb3 Na5 26. Rxd4 Qxb3 27. Rc1
Qxb2 28. Rxc7 Nxd3 29. Rdd7 Qb4 30. Rxg7+ Kf8 31. Rcf7+ Ke8 32. Bh4 Rb7 33.
Rxb7 Nxb7 34. Rg8+ Kf7 35. Rb8 Rb6 36. Kh2 Ne1 37. Ng1 Qxh4 38. g3 Qe4 39. f3
Rb2+ 40. Kh1 Nxf3 41. Nxf3 Qxf3+ 42. Kg1 Qg2# 0-1

[Event "LEM Nachwuchs M-V u14m 08.-11.07.2021"]
[Site "MaJuWi Greifswald/Wieck"]
[Date "2021.07.09"]
[Round "3.1"]
[White "Lippitz, Jaden"]
[Black "Schulz, Bruno Andreas"]
[Result "1-0"]
[WhiteElo "1563"]
[BlackElo "1171"]
[PlyCount "145"]
[EventDate "2021.??.??"]
[WhiteTeam "SG Güstrow/Teterow"]
[BlackTeam "TuS Makkabi Rostock"]

1. e4 c5 2. Nc3 e6 3. f4 a6 4. Nf3 Nc6 5. d3 Qc7 6. g3 d6 7. Bg2 Nf6 8. O-O Be7
9. Bd2 Bd7 10. Qe2 Nd4 11. Qd1 Qb6 12. Rb1 Ng4 13. Nxd4 cxd4 14. Ne2 Rc8 15. h3
Ne3 16. Bxe3 dxe3 17. d4 Bb5 18. c3 e5 19. Re1 Bxe2 20. Rxe2 exd4 21. cxd4 Rc4
22. d5 Rd4 23. Qe1 O-O 24. Rxe3 Rc8 25. Kh2 Rc2 26. Rb3 Qc7 27. Rc3 Rc4 28.
Rxc2 Rxc2 29. Qb4 Rc4 30. Qb3 a5 31. Rd1 a4 32. Qe3 Qc5 33. Qxc5 Rxc5 34. Rd2
b5 35. Kg1 Bd8 36. e5 Bb6 37. Kh2 Rc1 38. h4 dxe5 39. fxe5 b4 40. d6 Rc4 41. d7
Bd8 42. Rd6 Kf8 43. e6 f6 44. Rc6 Rxc6 45. Bxc6 a3 46. b3 Ke7 47. Bd5 h5 48.
Kg2 Bc7 49. Kf2 f5 50. Kf3 g6 51. Ke3 Bxg3 52. Kd4 Bxh4 53. Kc5 Be1 54. Kc6 Kd8
55. e7+ Kxe7 56. Kc7 Bg3+ 57. Kc8 Kf6 58. d8=Q+ Kg7 59. Qe7+ Kh6 60. Qxb4 h4
61. Qd2+ f4 62. Bg2 g5 63. Qd6+ Kh5 64. Bf3+ g4 65. Qe5+ Kg6 66. Bxg4 f3 67.
Qf5+ Kg7 68. Bxf3 Bf2 69. Bd5 Bg3 70. Qf7+ Kh6 71. Be4 Kg5 72. Qf5+ Kh6 73.
Qg6# 1-0

[Event "LEM Nachwuchs M-V u14m 08.-11.07.2021"]
[Site "MaJuWi Greifswald/Wieck"]
[Date "2021.07.09"]
[Round "3.2"]
[White "Bieschke, Tom"]
[Black "Müller, Mitja"]
[Result "0-1"]
[WhiteElo "1268"]
[BlackElo "1341"]
[PlyCount "102"]
[EventDate "2021.??.??"]
[WhiteTeam "SG Eintracht Neubrandenburg"]
[BlackTeam "TuS Makkabi Rostock"]

1. e4 c5 2. Nf3 e6 3. d4 cxd4 4. Nxd4 a6 5. Nc3 Qc7 6. a3 Nf6 7. Be3 Be7 8. Be2
O-O 9. O-O Nc6 10. f4 d5 11. e5 Nd7 12. Bg4 Nxd4 13. Bxd4 Bc5 14. Kh1 b5 15.
Ne2 Nb6 16. b3 Bd7 17. Qd3 Rac8 18. b4 Bxd4 19. Nxd4 Nc4 20. Rfc1 Nb2 21. Qe3
Nc4 22. Qd3 a5 23. Nb3 Nb2 24. Qe3 axb4 25. axb4 Na4 26. Be2 Nc3 27. Ra7 Qd8
28. Nc5 d4 29. Qd3 Bc6 30. Bf3 Bxf3 31. Qxf3 Qd5 32. Qxd5 Nxd5 33. g3 Nxb4 34.
Rb1 Rxc5 35. Rxb4 Rxc2 36. Rxd4 Rb8 37. Rdd7 Rf8 38. Rab7 Rb2 39. Rd1 b4 40.
Rd4 Rc8 41. Rbd7 Rc1+ 42. Rd1 Rxd1+ 43. Rxd1 Kf8 44. Rd8+ Ke7 45. Rb8 Kd7 46.
Rb7+ Kc6 47. Rxf7 b3 48. f5 Rb1+ 49. Kg2 exf5 50. e6 b2 51. e7 Re1 0-1

[Event "LEM Nachwuchs M-V u14m 08.-11.07.2021"]
[Site "MaJuWi Greifswald/Wieck"]
[Date "2021.07.09"]
[Round "3.3"]
[White "Willam, Max Bastian"]
[Black "Janssen, Joris Frederik"]
[Result "0-1"]
[WhiteElo "1164"]
[BlackElo "1440"]
[PlyCount "62"]
[EventDate "2021.??.??"]
[WhiteTeam "SSC Rostock 07"]
[BlackTeam "TuS Makkabi Rostock"]

1. e4 c5 2. Nf3 e6 3. d4 cxd4 4. Nxd4 a6 5. Nc3 Qc7 6. Be2 Be7 7. Be3 Nf6 8.
Qd3 Nc6 9. a3 b6 10. f4 d6 11. g3 Bb7 12. O-O-O O-O-O 13. Bf3 Rhe8 14. e5 dxe5
15. Bxc6 Bxc6 16. fxe5 Bxh1 17. exf6 Bxf6 18. Rxh1 Kb8 19. Qxa6 Bxd4 20. Nb5
Bxe3+ 21. Kb1 Qb7 22. Re1 Qxa6 23. Nc3 Bd2 24. Rd1 Bxc3 25. Rxd8+ Rxd8 26. bxc3
Rd1+ 27. Ka2 Qb5 28. a4 Qb1+ 29. Ka3 Qxc2 30. Kb4 Rb1+ 31. Kc4 Qe4# 0-1

[Event "LEM Nachwuchs M-V u14m 08.-11.07.2021"]
[Site "MaJuWi Greifswald/Wieck"]
[Date "2021.07.09"]
[Round "3.4"]
[White "Maeno, Yosuke"]
[Black "Karff, Tom"]
[Result "1-0"]
[WhiteElo "1387"]
[BlackElo "1363"]
[PlyCount "109"]
[EventDate "2021.??.??"]
[WhiteTeam "SF Schwerin"]
[BlackTeam "SG Güstrow/Teterow"]

1. Nf3 d5 2. c4 Nf6 3. g3 Nc6 4. Bg2 e5 5. cxd5 Nxd5 6. O-O Be6 7. Nc3 Bc5 8.
Nxe5 Bxf2+ 9. Rxf2 Nxe5 10. d4 Nc6 11. e4 Nxc3 12. bxc3 Qd7 13. Ba3 Bc4 14. Qa4
b5 15. Qd1 Ne7 16. e5 Rc8 17. Bc5 a6 18. Qf3 c6 19. a4 O-O 20. h4 Rfe8 21. Kh2
Be6 22. axb5 axb5 23. Ra7 Rc7 24. Rxc7 Qxc7 25. Bd6 Qd7 26. Bxe7 Rxe7 27. Qxc6
Qxc6 28. Bxc6 Bc4 29. Rb2 Rc7 30. d5 Kf8 31. Kg2 Rxc6 32. dxc6 Bd5+ 33. Kf2
Bxc6 34. Ke3 Ke7 35. Kd4 Ke6 36. Ra2 Ke7 37. Ra7+ Bd7 38. Kd5 h5 39. Kc5 g6 40.
Kd5 Kd8 41. Kd6 Be6 42. Ra8+ Bc8 43. Rb8 b4 44. Rxb4 Ke8 45. Rb8 Kd8 46. c4 g5
47. hxg5 h4 48. gxh4 f6 49. exf6 Ke8 50. Rxc8+ Kf7 51. g6+ Kxf6 52. Re8 Kg7 53.
Re1 Kh8 54. Re7 Kg8 55. c5 1-0

[Event "LEM Nachwuchs M-V u14m 08.-11.07.2021"]
[Site "MaJuWi Greifswald/Wieck"]
[Date "2021.07.09"]
[Round "3.5"]
[White "Schott, Andy"]
[Black "Walz, Fabian"]
[Result "1-0"]
[WhiteElo "1537"]
[BlackElo "1029"]
[PlyCount "115"]
[EventDate "2021.??.??"]
[WhiteTeam "SG Güstrow/Teterow"]
[BlackTeam "Doberaner SV 90"]

1. c4 Nf6 2. g3 g6 3. Bg2 Bg7 4. Nc3 O-O 5. Nf3 d6 6. O-O Nc6 7. d3 e5 8. Rb1
a5 9. Bd2 Re8 10. Re1 Be6 11. a3 e4 12. dxe4 Bxc4 13. Qa4 Be6 14. Red1 Bd7 15.
Qc2 Qe7 16. Bg5 h6 17. Nd5 Qd8 18. Bxf6 Bxf6 19. Nxf6+ Qxf6 20. e5 Qe6 21. exd6
cxd6 22. e3 Qf6 23. Qd2 Bf5 24. Rbc1 Rad8 25. Nd4 Nxd4 26. Qxd4 Qxd4 27. Rxd4
Rd7 28. Rd5 Re5 29. Rc8+ Kg7 30. Ra8 Rc7 31. h3 Rxd5 32. Bxd5 Bxh3 33. Rxa5 Be6
34. Be4 f5 35. Bf3 Kf6 36. Rb5 Bc8 37. Rb6 Ke5 38. Rb5+ Rc5 39. Rb6 Rc7 40. Kf1
g5 41. b4 g4 42. Rb5+ Kf6 43. Bd5 Rc1+ 44. Ke2 Ra1 45. Ra5 b6 46. Ra8 Be6 47.
Bxe6 Kxe6 48. a4 Kd5 49. a5 bxa5 50. Rxa5+ Rxa5 51. bxa5 Kc6 52. Kd3 Kb5 53.
Kd4 Kxa5 54. Kd5 Kb5 55. Kxd6 Kc4 56. Ke5 Kd3 57. Kxf5 Ke2 58. Kxg4 1-0

[Event "LEM Nachwuchs M-V u14m 08.-11.07.2021"]
[Site "MaJuWi Greifswald/Wieck"]
[Date "2021.07.09"]
[Round "3.6"]
[White "Wiechhusen, Laurin-Elias"]
[Black "Krause, Enrico"]
[Result "1-0"]
[WhiteElo "1443"]
[BlackElo "1178"]
[PlyCount "73"]
[EventDate "2021.??.??"]
[WhiteTeam "SF Schwerin"]
[BlackTeam "Think Rochade - SC HRO"]

1. Nf3 d5 2. g3 c5 3. Bg2 Nc6 4. d4 Bf5 5. Bf4 e6 6. e3 Nf6 7. O-O Be7 8. Nbd2
O-O 9. c4 Rc8 10. Rc1 Qa5 11. a3 b5 12. cxd5 Nxd5 13. dxc5 b4 14. Bd6 Bd3 15.
Nb3 Qa6 16. Re1 bxa3 17. bxa3 Bb5 18. Nbd4 Rfd8 19. Nxb5 Qxb5 20. Nd4 Nxd4 21.
Qxd4 Bxd6 22. cxd6 Qa5 23. Bxd5 Qxd5 24. Qxd5 exd5 25. Rxc8 Rxc8 26. d7 Rd8 27.
Rc1 Kf8 28. Rc7 Ke7 29. Rxa7 Rxd7 30. Rxd7+ Kxd7 31. Kg2 g5 32. Kf3 f5 33. h4
h6 34. hxg5 hxg5 35. g4 f4 36. exf4 d4 37. Ke4 1-0

[Event "LEM Nachwuchs M-V u14m 08.-11.07.2021"]
[Site "MaJuWi Greifswald/Wieck"]
[Date "2021.07.09"]
[Round "3.7"]
[White "Lange, Oskar"]
[Black "Hampe, Florian"]
[Result "1-0"]
[WhiteElo "1214"]
[BlackElo "1167"]
[PlyCount "53"]
[EventDate "2021.??.??"]
[WhiteTeam "TSG Neustrelitz"]
[BlackTeam "Lok Gymnas Pritzwalk"]

1. c4 c5 2. Nc3 e6 3. e4 Nc6 4. g3 Be7 5. Bg2 d6 6. d3 Bf6 7. Bd2 Bd7 8. Nf3
Nge7 9. O-O O-O 10. a3 a5 11. Nb5 Bxb2 12. Rb1 Bf6 13. Nxd6 b6 14. Bf4 Ra7 15.
e5 Ng6 16. exf6 Nxf4 17. fxg7 Nxg2 18. gxf8=Q+ Qxf8 19. Ne4 Nf4 20. gxf4 Qg7+
21. Ng3 Rb7 22. Kh1 Rb8 23. Rg1 Kh8 24. Nh5 Qh6 25. Ne5 Be8 26. Qg4 Nxe5 27.
Qg8# 1-0

[Event "LEM Nachwuchs M-V u14m 08.-11.07.2021"]
[Site "MaJuWi Greifswald/Wieck"]
[Date "2021.07.09"]
[Round "3.8"]
[White "Große-Thie, Paul"]
[Black "Herrmann, Niklas"]
[Result "1-0"]
[WhiteElo "1195"]
[BlackElo "1034"]
[PlyCount "55"]
[EventDate "2021.??.??"]
[WhiteTeam "SSC Rostock 07"]
[BlackTeam "TuS Makkabi Rostock"]

1. d4 d5 2. Bf4 Bf5 3. e3 Nc6 4. Nf3 Nb4 5. Bd3 Nxd3+ 6. cxd3 Nf6 7. h3 h6 8.
O-O e6 9. Nc3 Bd6 10. Ne5 O-O 11. Re1 Nd7 12. e4 Bh7 13. Nxd7 Qxd7 14. e5 Be7
15. Re3 Bh4 16. Qg4 Bg5 17. Bxg5 hxg5 18. Rg3 f6 19. exf6 Rxf6 20. Qxg5 Raf8
21. Re1 Rxf2 22. Rxe6 R2f5 23. Qe3 R8f7 24. Re8+ Rf8 25. Re7 Qd6 26. Rgxg7+ Kh8
27. Rxh7+ Kg8 28. Reg7# 1-0